| 000 | 01391nam a22003857a 4500 | ||
|---|---|---|---|
| 003 | CHAP | ||
| 005 | 20220329141330.0 | ||
| 008 | 971013s1988 r 00010 d | ||
| 010 | _a66540 | ||
| 011 | _a67512 | ||
| 035 | _a76982 | ||
| 040 | _cCHAP | ||
| 090 | _aFolleto 12142 | ||
| 110 |
_aINIFAP. México. Campo Experimental Norte de Guanajuato _958760 |
||
| 245 | _aSugerencias tecnológicas para cultivos de temporal en el norte de Guanajuato | ||
| 260 |
_aGuanajuato : _bEl Instituto, _c1988 |
||
| 300 | _aHoja desplegable | ||
| 490 |
_aINIA. México. Centro de Investigaciones del Pacífico. Desplegable para productores _v; 2 |
||
| 500 | _a28-155 | ||
| 590 |
_aBATCH-UPD _b10 _c20130110 _lUCH01 _h0656 |
||
| 590 |
_aBATCH-UPD _b10 _c20130410 _lUCH01 _h0341 |
||
| 590 |
_aBATCH-UPD _b10 _c20130913 _lUCH01 _h2151 |
||
| 590 |
_aCONVERSION _b10 _c20130109 _lUCH01 _h1337 |
||
| 650 | 1 | 4 |
_aAgricultura de temporal. _91999 |
| 650 | 1 | 4 |
_aCebada _xGuanajuato. _920684 |
| 650 | 1 | 4 |
_aCebolla _xGuanajuato. _920775 |
| 650 | 1 | 4 |
_aFrijol _xGuanajuato. _943388 |
| 650 | 1 | 4 |
_aGirasol _xGuanajuato. _948152 |
| 650 | 1 | 4 |
_aMaíz _xGuanajuato. _970969 |
| 650 | 1 | 4 |
_aTrigo _xGuanajuato. _9115035 |
| 830 | 0 |
_aINIA. México. Centro de Investigaciones del Pacífico. Desplegable para productores _v; 2 _958565 |
|
| 901 | _aBK | ||
| 942 | _cFOLL | ||
| 949 |
_aFolleto 12142 _bBC _cFOLL _d-29844 _eTS1 _i76982 _si |
||
| 999 |
_c66540 _d66540 |
||